000 00635nam a2200205 i 4500
001 bgj
100 1 _aPRESTON, Dennis R.
245 1 0 _aVarieties of American English :
_bteacher's handbook /
_cDennis R. Preston ; Roger W. Shuy.
250 _aRevised edition.
260 _aWashington, D.C. :
_bUnited States Information Agency,
_c1988.
300 _aIV, 35 pp :
_b2 maps ;
_c27 cm.
650 9 _aEnglish language
_xUnited States
650 9 _aEnglish language
_xUsage
650 9 _aEnglish language, Varieties of
020 _apbk
040 _cBPK
041 0 _aeng
942 _cKS
008 s uk f |000 0 eng
999 _c41312
_d41312